| 000 | 00487nam a22001937a 4500 | ||
|---|---|---|---|
| 003 | MPLRDC | ||
| 005 | 20220104200253.0 | ||
| 008 | 210129b ||||| |||| 00| 0 eng d | ||
| 020 | _a978-967-11422-1-9 | ||
| 082 | _a419.78 LXH | ||
| 100 | _a李秀华 | ||
| 245 |
_a临终,我可以_ _死去 _c |
||
| 250 | _a一版一刷 | ||
| 260 |
_a马来西亚 _b已亮出版社 _c2014 |
||
| 300 | _b平 | ||
| 490 | _a生命关怀: 002 | ||
| 650 | _a安宁护理 | ||
| 942 |
_cBK _o419.78 LXH |
||
| 999 |
_c66618 _d66608 |
||